01279nam a2200229 u 450000100070000000500170000700800410002403500110006504000130007604100080008908200080009710000390010524501230014426000430026730000140031052005320032465000290085665000460088565000440093165000250097570000490100090417020260506154029.0041216e20041201 ||||||m| spa  a904170 ccomduadb aspa 4a70910aGil Molina, Ana Graciela4auteaut10aMedios de comunicacion, estetica de la recepcion y critica de arte en torno al panorama de la historia del arte actual aMedellín :b[sin publicador],c2004. a140 hojas3 aEsta investigación pretende mostrar cómo la historia del arte hoy ha sido transformada, debido a los cambios que han tenido lugar en los medios de comunicación, la estética de la recepción y la crítica del arte; con la intención de mostrar algunos aspectos importantes que aluden a la transmisión de cada cultura a través de las herramientas comunicativas e instancias técnicas, así como el tratar de entender, si son realmente los medios masivos los llamados a hacer la interiorización de cada cultura. aEstetica de la recepcion 7aArtesxCrítica e interpretación2lemb 7aMedios de comunicación de masas2lemb 7aArtexHistoria2lemb10aValencia Restrepo, Luís Fernando4thseths